=LDR 00000nam 2200000 4500 =001 INLIS000000000008051 =005 20130612095949 =008 ***********************************Ind** =035 ##$$0010-061300000008051 =041 ##$$a Ind =082 ##$$a 005.386 2 =090 ##$$a 005.386 2, Ful b =100 ##$$a Fulton, Jeniver =245 ##$$a Belajar sendiri dalam 10 menit microsoff window , langkah singkat untuk hasil yang epat, Jenifer Fulton ; penerjemah, Fandy Ciptono =260 ##$$a 2002 $b Yogyakarta =300 ##$$a xviii, 279 hlm, ilus, 22 cm =650 ##$$a Windows, Me =700 ##$$a Ciptono, Fandy =850 ##$$a NBPNMAT